GeoSystems today : an interactive casebook
This book is contains a series of eight environmentally related case studies designed as a supplement for a college course in a topic such as environmental geology, earth systems science, physical geography, etc. The case studies are well done and are intimately linked to a web site which further el...
Đã lưu trong:
| Príomhúdar: | |
|---|---|
| Formáid: | Leabhar |
| Teanga: | Undetermined |
| Foilsithe: |
New York
John Wiley & Sons
1999
|
| Ábhair: | |
| Clibeanna: |
Cuir Clib Leis
Gan Chlibeanna, Bí ar an gcéad duine leis an taifead seo a chlibeáil!
|
| Thư viện lưu trữ: | Trung tâm Học liệu Trường Đại học Cần Thơ |
|---|
| LEADER | 01123nam a2200205Ia 4500 | ||
|---|---|---|---|
| 001 | CTU_110947 | ||
| 008 | 210402s9999 xx 000 0 und d | ||
| 082 | |a 304.2 | ||
| 082 | |b F699 | ||
| 100 | |a Ford, Robert E. | ||
| 245 | 0 | |a GeoSystems today : an interactive casebook | |
| 245 | 0 | |c Robert E. Ford, James D. Hipple | |
| 260 | |a New York | ||
| 260 | |b John Wiley & Sons | ||
| 260 | |c 1999 | ||
| 520 | |a This book is contains a series of eight environmentally related case studies designed as a supplement for a college course in a topic such as environmental geology, earth systems science, physical geography, etc. The case studies are well done and are intimately linked to a web site which further elicidates each of the issues in an interactive manner. A major problem with this book is its extraordinary cost, which may outweigh its potential benefits if used in a college course along with an expensive core textbook and lab manual. | ||
| 650 | |a Earth sciences,Global environmental change | ||
| 650 | |x Case studies.,case studies. | ||
| 904 | |i Minh | ||
| 980 | |a Trung tâm Học liệu Trường Đại học Cần Thơ | ||